000 00400nam a2200169Ia 4500
008 210210b2003 xxu||||| |||| 00| 0 eng d
020 _a0 631 23239 7
082 _a149.96 STUS
100 _aSTURROCK (John).
245 _aStructuralism. Ed.2
250 _a
260 _aND
_bBlackwell publishers
_c2003
300 _a170
650 _aStructuralism
690 _aPhilosophy
906 _a058811
999 _c106229
_d106229